Zenepedagógia határok nélkül tanulmánykötet

Elmentve itt :
Bibliográfiai részletek
További közreműködők: Dombi Józsefné
Asztalos Bence
Dokumentumtípus: Könyv része
Megjelent: SZTE JGYPK Művészeti Intézet Ének-zene Tanszék Szeged 2019
Sorozat:Nemzetközi Zenei Konferencia
Kulcsszavak:Művészeti nevelés - tanulmányok, Zenepedagógia - tanulmányok, Zenetörténet - tanulmányok
Tárgyszavak:
Online Access:http://acta.bibl.u-szeged.hu/76639
LEADER 00984naa a2200241 i 4500
001 acta76639
005 20260312111826.0
008 221014s2019 hu o 100 hun d
020 |a 978 963 315 392 5 
040 |a SZTE Egyetemi Kiadványok Repozitórium  |b hun 
041 |a hun 
245 0 0 |a Zenepedagógia határok nélkül   |h [elektronikus dokumentum] :  |b tanulmánykötet 
260 |a SZTE JGYPK Művészeti Intézet Ének-zene Tanszék  |b Szeged  |c 2019 
300 |a 117  |c 24 cm 
490 0 |a Nemzetközi Zenei Konferencia 
650 4 |a Társadalomtudományok 
650 4 |a Oktatástudomány 
650 4 |a Bölcsészettudományok 
650 4 |a Művészetek (művészetek, művészettörténet, előadóművészetek, zene) 
695 |a Művészeti nevelés - tanulmányok, Zenepedagógia - tanulmányok, Zenetörténet - tanulmányok 
700 0 1 |a Dombi Józsefné 
700 0 1 |a Asztalos Bence 
856 4 0 |u http://acta.bibl.u-szeged.hu/76639/1/enek_zene_tanszek_2019.pdf  |z Dokumentum-elérés